000 00625pam a2200229 a 4500
001 1983258
005 20180302033309.0
008 891103s1990 mnua b 001 0 eng c
010 _a 89070429
020 _a0314579362
040 _aDNLM/DLC
_cDLC
_dDLC
041 _aeng
060 _aQU 145 H943a
080 _a612.3 HUN
082 0 0 _a612.3 HUN
_220
100 1 _a10
101 _aNUT
245 1 0 _aAdvanced nutrition and human metabolism /
_cSara M. Hunt, James L. Groff.
504 _aIncludes bibliographical references and index.
906 _a7
_bcbc
_corignew
_d1
_eopcn
_f19
_gy-gencatlg
942 _2ddc
_cBK
999 _c43919
_d43919